[Event "CZE-ch Seniors 60"]
[Site "Rychnov nad Kneznou"]
[Date "2015.08.21"]
[Round "7"]
[White "Rucka, Alois"]
[Black "Franc, Lubor"]
[Result "1/2-1/2"]
[WhiteElo "1923"]
[BlackElo "1841"]
[PlyCount "94"]
[EventDate "2015.08.15"]
[EventType "swiss"]
[EventRounds "9"]
[EventCountry "CZE"]
[SourceTitle "EXT 2016"]
[Source "ChessBase"]
[SourceDate "2015.10.08"]
[SourceVersion "1"]
[SourceVersionDate "2015.10.08"]
[SourceQuality "1"]

1. Nf3 d5 2. g3 g6 3. c4 c6 4. Qc2 Nf6 5. Bg2 Bg7 6. b3 Ne4 7. Bb2 Bxb2 8. Qxb2 0-0 9. 0-0 e6 10. h4 Qf6 11. d4 Nd7 12. Nbd2 Nxd2 13. Qxd2 Nb6 14. a4 Bd7 15. a5 Nc8 16. Ne5 Be8 17. Qb4 Qe7 18. c5 f6 19. Nd3 a6 20. Rae1 Bf7 21. e4 Qc7 22. exd5 exd5 23. Bh3 Na7 24. Nf4 Rfe8 25. Re3 Nb5 26. Rfe1 Rxe3 27. fxe3 Re8 28. Kf2 Kg7 29. Qd2 Qe7 30. Bg2 Qd7 31. Bh3 Qe7 32. Bg4 Qc7 33. Bf3 Qd7 34. Ke2 Nc7 35. Kf2 Nb5 36. g4 Be6 37. Kg3 Qe7 38. Kf2 Qd7 39. Rg1 Bf7 40. g5 f5 41. Nd3 Nc7 42. Ne5 Qe7 43. Qb4 Ne6 44. Qe1 Nxc5 45. Qc3 Ne4+ 46. Bxe4 dxe4 47. b4 Bd5 1/2-1/2

[Event "Pardubice Oce op 19th"]
[Site "Pardubice"]
[Date "2008.07.11"]
[Round "2"]
[White "Franc, Lubor"]
[Black "Hosek, Milan"]
[Result "0-1"]
[WhiteElo "1985"]
[BlackElo "2293"]
[PlyCount "92"]
[EventDate "2008.07.10"]
[EventType "team"]
[EventRounds "7"]
[EventCountry "CZE"]
[SourceTitle "CBM 125 Extra"]
[Source "ChessBase"]
[SourceDate "2008.09.01"]
[SourceVersion "1"]
[SourceVersionDate "2008.09.01"]
[SourceQuality "1"]

1. e4 c6 2. d4 d5 3. Nc3 dxe4 4. Nxe4 Nd7 5. Nf3 Ngf6 6. Ng3 e6 7. Bd3 Be7 8. 0-0 0-0 9. c3 c5 10. Qe2 Re8 11. b3 Qc7 12. Bb2 Nd5 13. Bc2 Nf4 14. Qd2 cxd4 15. Nxd4 a6 16. Nf3 b5 17. Be4 Rb8 18. Nd4 Bg5 19. Qc2 f5 20. Bc6 Bb7 21. Bxb7 Qxb7 22. f3 Nd5 23. Rfe1 Rbc8 24. Qd3 Nc5 25. Qc2 Be3+ 26. Kh1 Bxd4 27. cxd4 Ne4 28. Qe2 Nxg3+ 29. hxg3 Qc7 30. Rac1 Qd6 31. Rxc8 Rxc8 32. Rc1 Rxc1+ 33. Bxc1 Kf7 34. Kh2 Qc7 35. Qb2 Qc3 36. Qxc3 Nxc3 37. a3 Ne2 38. Be3 Ke7 39. Kh3 Kd6 40. a4 Kd5 41. a5 Nxd4 42. b4 Kc4 43. Kh4 e5 44. Kg5 Kd3 45. Bf2 e4 46. Kf4 Nc2 0-1

[Event "CZE-chT2V 0203"]
[Site "Czech Republic"]
[Date "2002.??.??"]
[Round "8"]
[White "Franc, Lubor"]
[Black "Varejcko, Josef"]
[Result "1/2-1/2"]
[WhiteElo "1901"]
[BlackElo "2198"]
[PlyCount "81"]
[EventDate "2002.10.??"]
[EventType "team"]
[EventRounds "11"]
[EventCountry "CZE"]
[SourceTitle "EXT 2007"]
[Source "ChessBase"]
[SourceDate "2006.11.23"]
[SourceVersion "1"]
[SourceVersionDate "2006.11.23"]
[SourceQuality "1"]
[WhiteTeam "Polabiny III"]
[BlackTeam "Chrudim"]
[WhiteTeamCountry "CZE"]
[BlackTeamCountry "CZE"]

1. e4 c5 2. Nf3 e6 3. d4 cxd4 4. Nxd4 Nf6 5. Nc3 Bb4 6. Bd3 e5 7. Nde2 d5 8. exd5 Nxd5 9. Bb5+ Nc6 10. 0-0 Nxc3 11. Qxd8+ Kxd8 12. Nxc3 Bxc3 13. bxc3 Be6 14. f4 exf4 15. Bxf4 Ke7 16. a3 Rhe8 17. Rad1 Rad8 18. Rd3 a6 19. Rxd8 Rxd8 20. Bd3 h6 21. Rb1 Rd7 22. Rb6 Na5 23. Rb4 f6 24. h4 Bd5 25. Bf5 Nc6 26. Bxd7 Nxb4 27. cxb4 Kxd7 28. a4 Bc6 29. a5 Ke6 30. g3 h5 31. Kh2 Kd5 32. Kg1 Ba4 33. c3 Kc4 34. Bd2 Kd3 35. Be1 Ke2 36. Bf2 Kf3 37. Be1 Bb5 38. Bf2 Bc4 39. Be1 Bd5 40. Bf2 Bc4 41. Be1 1/2-1/2

[Event "CZE-chT2V 0203"]
[Site "Czech Republic"]
[Date "2002.??.??"]
[Round "8"]
[White "Strnad, Josef"]
[Black "Franc, Lubor"]
[Result "1-0"]
[WhiteElo "2088"]
[BlackElo "1901"]
[PlyCount "111"]
[EventDate "2002.10.??"]
[EventType "team"]
[EventRounds "11"]
[EventCountry "CZE"]
[SourceTitle "EXT 2007"]
[Source "ChessBase"]
[SourceDate "2006.11.23"]
[SourceVersion "1"]
[SourceVersionDate "2006.11.23"]
[SourceQuality "1"]
[WhiteTeam "Havlickuv Brod"]
[BlackTeam "Polabiny III"]
[WhiteTeamCountry "CZE"]
[BlackTeamCountry "CZE"]

1. Nf3 Nf6 2. g3 g6 3. Bg2 Bg7 4. 0-0 0-0 5. c4 c6 6. Nc3 d5 7. d4 Bf5 8. Qb3 Qb6 9. Qxb6 axb6 10. cxd5 Nxd5 11. Nxd5 cxd5 12. Bd2 Nc6 13. Bc3 Be4 14. Rfd1 e6 15. Ne5 Bxg2 16. Kxg2 Nxe5 17. dxe5 Rfc8 18. a3 Bf8 19. Rd3 Rc6 20. Rad1 Rac8 21. Bd4 Bc5 22. Rb3 R8c7 23. h4 h5 24. Kf3 Kf8 25. Rb5 Ke8 26. e4 dxe4+ 27. Kxe4 Rd7 28. Rd3 Rxd4+ 29. Rxd4 Bxd4 30. Kxd4 Kd8 31. Rb3 Kc7 32. Rc3 Kb8 33. Rf3 Rc7 34. b3 Kc8 35. Rc3 Rc6 36. f3 Kd8 37. g4 Kd7 38. a4 Ke7 39. Rxc6 bxc6 40. a5 bxa5 41. gxh5 gxh5 42. Kc5 f6 43. Kxc6 fxe5 44. Kb5 Kf6 45. Kxa5 Kf5 46. b4 Kf4 47. b5 Kxf3 48. b6 e4 49. b7 e3 50. b8Q e2 51. Qe5 Kf2 52. Qf4+ Kg2 53. Qe3 Kf1 54. Qf3+ Ke1 55. Qxh5 Kd2 56. Qh6+ 1-0